| 000 | 00466nam a2200169Ia 4500 | ||
|---|---|---|---|
| 008 | 121012t1999 xxu||||| |||| 00| 0 sin d | ||
| 041 | _asin | ||
| 080 |
_aX8S1 _bNGN |
||
| 100 | _aNgnninda Himi Vevagedara | ||
| 245 | _aජන කවි ආරේ නව කවි | ||
| 246 | _aJanakavi Are Nava Kavi | ||
| 260 |
_bSarasvathi Prakashana _aDivulapitiya _c1999 |
||
| 300 | _b37p., 21 cm | ||
| 942 | _cBK | ||
| 999 |
_c75253 _d75253 |
||
| 003 | LK-CoDNM | ||
| 040 |
_aLK-CoDNM _dLK-CoDNM _eLK-CoDNM |
||